| 000 | 00970cam a2200277 a 4500 | ||
|---|---|---|---|
| 001 | 12957995 | ||
| 005 | 20160201195432.0 | ||
| 008 | 021004s2003 nyua 001 0 eng | ||
| 010 | _a 2002034483 | ||
| 020 | _a0735527792 | ||
| 040 |
_aDLC _cDLC _dDLC |
||
| 042 | _apcc | ||
| 043 | _an-us--- | ||
| 050 | 0 | 0 |
_aKF240 _b.S585 2003 |
| 082 | 0 | 0 |
_a340/.07/2073 _221 |
| 100 | 1 |
_aSloan, Amy E., _d1964- |
|
| 245 | 1 | 0 |
_aBasic legal research : _btools and strategies / _cAmy E. Sloan. |
| 250 | _a2nd ed. | ||
| 260 |
_aNew York : _bAspen Publishers, _cc2003. |
||
| 300 |
_axxxi, 377 p. : _bill. ; _c26 cm. + _eteacher's manual. |
||
| 500 | _aIncludes index. | ||
| 650 | 0 |
_aLegal research _zUnited States. |
|
| 906 |
_a7 _bcbc _corignew _d1 _eocip _f20 _gy-gencatlg |
||
| 942 |
_2lcc _cBOOKS |
||
| 999 |
_c9576 _d9576 |
||